Target Zones and Realignment Expectations <The> Israeli and Mexican Experience

Guardado en:
Detalles Bibliográficos
Autor principal: Werner, Alejandro M.
Formato: Libro
Lenguaje:inglés
Publicado: Washington International Monetary Fund 1995
Edición:1. ed.
Colección:IMF Working Paper 114
Materias:
Etiquetas: Agregar Etiqueta
Sin Etiquetas, Sea el primero en etiquetar este registro!

MARC

LEADER 00000nam a2200000 4500
001 c017376
005 20221205133611.6
041 0 |a eng 
044 |a US 
245 1 0 |a Target Zones and Realignment Expectations  |b <The> Israeli and Mexican Experience  |c Alejandro M. Werner 
250 |a 1. ed. 
264 1 |a Washington  |b International Monetary Fund  |c 1995 
300 |a 12 s. 
490 1 |a IMF Working Paper  |v 114 
830 0 |a IMF Working Paper  |v 114 
610 2 0 |a kurz menový 
610 2 0 |a peňažníctvo 
610 2 0 |a mena 
610 2 0 |a Izrael 
610 2 0 |a Mexiko 
610 2 0 |a štúdie prípadové 
100 1 |a Werner, Alejandro M.